<?xml version="1.0" encoding="UTF-8"?>
<record
    xmlns:xsi="http://www.w3.org/2001/XMLSchema-instance"
    xsi:schemaLocation="http://www.loc.gov/MARC21/slim http://www.loc.gov/standards/marcxml/schema/MARC21slim.xsd"
    xmlns="http://www.loc.gov/MARC21/slim">

  <leader>00998nam a2200265 i 4500</leader>
  <controlfield tag="001">bg</controlfield>
  <datafield tag="110" ind1="2" ind2=" ">
    <subfield code="a">Organizacja Wsp&#xF3;&#x142;pracy Gospodarczej i Rozwoju.</subfield>
  </datafield>
  <datafield tag="245" ind1="1" ind2="0">
    <subfield code="a">Przegl&#x105;dy ekologiczne OECD :</subfield>
    <subfield code="b">Polska /</subfield>
    <subfield code="c">Organizacja Wsp&#xF3;&#x142;pracy Gospodarczej i Rozwoju.</subfield>
  </datafield>
  <datafield tag="246" ind1="1" ind2=" ">
    <subfield code="i">Tyt. oryg.:</subfield>
    <subfield code="a">Environmetal performance reviews :</subfield>
    <subfield code="b">Poland</subfield>
  </datafield>
  <datafield tag="246" ind1="3" ind2="0">
    <subfield code="a">Polska</subfield>
  </datafield>
  <datafield tag="260" ind1=" " ind2=" ">
    <subfield code="a">Warszawa :</subfield>
    <subfield code="b">O&#x15B;rodek Wsp&#xF3;&#x142;pracy z Pa&#x144;stwami o Transformuj&#x105;cej si&#x119; Gospodarce,</subfield>
    <subfield code="c">1995.</subfield>
  </datafield>
  <datafield tag="300" ind1=" " ind2=" ">
    <subfield code="a">194, [2] s. :</subfield>
    <subfield code="b">il. ;</subfield>
    <subfield code="c">23 cm.</subfield>
  </datafield>
  <datafield tag="536" ind1=" " ind2=" ">
    <subfield code="a">Ksi&#x105;&#x17C;ka sfinansowana przez Ministerstwo Ochrony &#x15A;rodowiska, Zasob&#xF3;w Naturalnych i Le&#x15B;nictwa</subfield>
  </datafield>
  <datafield tag="650" ind1=" " ind2="9">
    <subfield code="a">Polityka ochrony &#x15B;rodowiska</subfield>
    <subfield code="z">Polska</subfield>
    <subfield code="y">1990-.</subfield>
  </datafield>
  <datafield tag="650" ind1=" " ind2="9">
    <subfield code="a">&#x15A;rodowisko</subfield>
    <subfield code="x">ochrona</subfield>
    <subfield code="z">Polska</subfield>
    <subfield code="y">1990-.</subfield>
  </datafield>
  <datafield tag="650" ind1=" " ind2="9">
    <subfield code="a">Ekorozw&#xF3;j</subfield>
    <subfield code="x">wsp&#xF3;&#x142;praca mi&#x119;dzynarodowa.</subfield>
  </datafield>
  <datafield tag="020" ind1=" " ind2=" ">
    <subfield code="a">8386467177</subfield>
  </datafield>
  <datafield tag="040" ind1=" " ind2=" ">
    <subfield code="c">BPK</subfield>
  </datafield>
  <datafield tag="041" ind1="1" ind2=" ">
    <subfield code="a">pol</subfield>
    <subfield code="h">eng</subfield>
    <subfield code="h">fre</subfield>
  </datafield>
  <datafield tag="044" ind1=" " ind2=" ">
    <subfield code="a">POL</subfield>
  </datafield>
  <datafield tag="080" ind1=" " ind2=" ">
    <subfield code="a">502.13/.14</subfield>
  </datafield>
  <datafield tag="920" ind1=" " ind2=" ">
    <subfield code="a">83-86467-17-7</subfield>
  </datafield>
  <datafield tag="942" ind1=" " ind2=" ">
    <subfield code="c">KS</subfield>
  </datafield>
  <controlfield tag="008">130116s        pl a   f     |000 0 pol  </controlfield>
  <datafield tag="999" ind1=" " ind2=" ">
    <subfield code="c">53886</subfield>
    <subfield code="d">53886</subfield>
  </datafield>
  <datafield tag="856" ind1=" " ind2=" ">
    <subfield code="u">http://koha.tu.koszalin.pl/cgi-bin/koha/opac-detail.pl?biblionumber=53886</subfield>
    <subfield code="y">Katalog online BPK</subfield>
  </datafield>
  <datafield tag="952" ind1=" " ind2=" ">
    <subfield code="0">0</subfield>
    <subfield code="1">0</subfield>
    <subfield code="4">0</subfield>
    <subfield code="7">1</subfield>
    <subfield code="a">ELBUD</subfield>
    <subfield code="b">ELBUD</subfield>
    <subfield code="c">b</subfield>
    <subfield code="o">S 1725</subfield>
    <subfield code="p">02540979</subfield>
    <subfield code="t">502.13/.14 &#x15A;as.Es</subfield>
    <subfield code="y">KS</subfield>
  </datafield>
</record>
